00564nam a22001697a 450000500170000000800410001702000210005804100080007908200320008710000210011924500910014025000080023126000410023930000220028036500240030252100680032620240527141949.0240527b |||||||| |||| 00| 0 eng d a978-9386006-40-0 aeng 26thaGN 610 BHA B11002bBHA aBhaskara Raj D E aSloved Question Papers for 1st Year General Nursing and Midwifery Course: 2008 To 2022 a6th aBangalorebEMMESS Medical Pub.c2022 a666pbPbc27X21cm aRupayeb795.00cINR a1st Year GNM Nursing Solved Question Papers By Bhaskara Raj D E